00557cam a22002171 4500001001300000003000400013005001700017008004100034010001700075035002000092040001800112050001400130100003300144245005900177260001100236300001900247500001500266650001500281651002600296999001700322ne 67000848 DLC20260227111831.0880902s1966 xx 000 0 ara  ane 67000848  a(OCoLC)23519400 aDLCcMiUdDLC00aHX44b.J81 aJundī, Muḥammad Salīm.13aal-Ishtirākīyah fī al-buldān al-mutakhallifah. c[1966] a266 p.c20 cm. aRomanized. 0aSocialism. 0aDeveloping countries. c49568d49568